ՀՀ Գիտությունների ազգային ակադեմիայի հիմնարար գիտական գրադարան  =   Fundamental Scientific Library of NAS RA

Իսահակ Լևիտան : (Record no. 89246)

MARC details
000 -LEADER
fixed length control field 00915nam a2200217 a 4500
001 - CONTROL NUMBER
control field 000249483
003 - CONTROL NUMBER IDENTIFIER
control field AM-YeHGA
005 - DATE AND TIME OF LATEST TRANSACTION
control field 20250618071655.0
008 - FIXED-LENGTH DATA ELEMENTS--GENERAL INFORMATION
fixed length control field 030722s1963 ai 000 | arm d
040 ## - CATALOGING SOURCE
Original cataloging agency AM-YeHGA
090 ## - LOCALLY ASSIGNED LC-TYPE CALL NUMBER (OCLC); LOCAL CALL NUMBER (RLIN)
-- 90533
100 1# - MAIN ENTRY--PERSONAL NAME
Personal name Պաուստովսկի, Կոնստանտին Գեորգիևիչ
245 10 - TITLE STATEMENT
Title Իսահակ Լևիտան :
Remainder of title [Պատմվածք] /
Statement of responsibility, etc. Կ. Պաուստովսկի; Թարգմ.՝ Խ. Հրաչյան; Խմբ.՝ Դ.Գ. Եսայան.
260 ## - PUBLICATION, DISTRIBUTION, ETC.
Place of publication, distribution, etc. Երևան :
Name of publisher, distributor, etc. Հայպետհրատ,
Date of publication, distribution, etc. 1963.
300 ## - PHYSICAL DESCRIPTION
Extent 43 էջ ;
Dimensions 17 սմ.
440 #0 - SERIES STATEMENT/ADDED ENTRY--TITLE
Title Պատմվածքներ XX դար
Volume/sequential designation 4
600 14 - SUBJECT ADDED ENTRY--PERSONAL NAME
Personal name Լևիտան, Իսահակ
650 14 - SUBJECT ADDED ENTRY--TOPICAL TERM
Topical term or geographic name entry element Ռուս գրականություն
General subdivision Պատմվածք
9 (RLIN) 4645
700 1# - ADDED ENTRY--PERSONAL NAME
Personal name Հրաչյան, Խաչիկ Թադևոսի,
Dates associated with a name 1912-1989
Relator term թարգմ.
Relationship trl
9 (RLIN) 1925
700 1# - ADDED ENTRY--PERSONAL NAME
Personal name Եսայան, Դորա Գարեգինի,
Dates associated with a name 1926-1994
Relator term խմբ.
Relationship edt
9 (RLIN) 1879
Holdings
Withdrawn status Lost status Damaged status Not for loan Collection Home library Current library Date acquired Total checkouts Full call number Barcode Date last seen Price effective from Koha item type Public note
        General Fundamental Scientific Library Fundamental Scientific Library 22/12/2016   AI/6139 FL0041867 22/12/2016 22/12/2016 Գրքեր / Books 30 Days Loan
        General Fundamental Scientific Library Fundamental Scientific Library 22/12/2016   AI/6140 FL0042229 22/12/2016 22/12/2016 Գրքեր / Books 30 Days Loan
        General Fundamental Scientific Library Fundamental Scientific Library 22/12/2016   AI/6141 FL0042228 22/12/2016 22/12/2016 Գրքեր / Books 30 Days Loan


ՀՀ ԳԱԱ հիմնարար գիտական գրադարան
ՀՀ,Երևան 0019
Մարշալ Բաղրամյան 24/6
հեռախոս:(374-10) 52-47-50
Հետադարձ կապ

All site content, except where otherwise noted, is licensed under a
Creative Commons License